Dangerous volcanoes / Lola Schaefer.
Available copies
- 1 of 1 copy available at LARL/NWRL Consortium.
- 1 of 1 copy available at Lake Agassiz Regional Library. (Show preferred library)
Current holds
0 current holds with 1 total copy.
Show Only Available Copies
| Location | Call Number / Copy Notes | Barcode | Shelving Location | Status | Due Date |
|---|---|---|---|---|---|
| Crookston Public Library | E 551.21 SCH (Text) | 33500013574421 | Main | Available | - |
Record details
- ISBN: 9781728441443
- ISBN: 1728441447
- ISBN: 9781728447971
- ISBN: 1728447976
- Physical Description: 24 pages : color illustrations ; 27 cm.
- Publisher: Minneapolis : Lerner Publications, [2022]
Content descriptions
| Bibliography, etc. Note: | Includes bibliographical references and index. |
| Summary, etc.: | "Volcano eruptions can be devastating. Learn how ... Read More |
| Target Audience Note: | Ages 6-9 Lerner Publications. Grades 2-3 Lerner Publications. |
Search for related items by subject
| Subject: | Volcanoes > Juvenile literature. Volcanoes. Volcans > Ouvrages pour la jeunesse. Volcanoes. |
| Genre: | Juvenile works. |
Search for related items by series
| LDR | 02196cam a22005298i 4500 | ||
|---|---|---|---|
| 001 | 388949 | ||
| 003 | LARL_NWRL_CONSORTIUM | ||
| 005 | 20220405184445.0 | ||
| 008 | 210305s2022 mnu j b 001 0 eng | ||
| 010 | . | ‡a 2021010516 | |
| 040 | . | ‡aDLC ‡beng ‡erda ‡cDLC ‡dOCLCO ‡dOCLCF ‡dBDX ‡dYDX ‡dCHILD ‡dOCLCO ‡dCCPLG ‡dHBP ‡dUUC ‡dOCLCO | |
| 019 | . | ‡a1293868408 | |
| 020 | . | ‡a9781728441443 ‡q(library binding) | |
| 020 | . | ‡a1728441447 | |
| 020 | . | ‡z9781728444864 ‡q(ebook) | |
| 020 | . | ‡a9781728447971 ‡q(paperback) | |
| 020 | . | ‡a1728447976 ‡q(paperback) | |
| 035 | . | ‡a(OCoLC)1242020575 ‡z(OCoLC)1293868408 | |
| 042 | . | ‡apcc | |
| 082 | 0 | 0. | ‡a551.21 ‡223 |
| 100 | 1 | . | ‡aSchaefer, Lola M., ‡d1950- ‡eauthor. ‡0(LARL_NWRL_CONSORTIUM)114578 |
| 245 | 1 | 0. | ‡aDangerous volcanoes / ‡cLola Schaefer. |
| 264 | 1. | ‡aMinneapolis : ‡bLerner Publications, ‡c[2022] | |
| 300 | . | ‡a24 pages : ‡bcolor illustrations ; ‡c27 cm. | |
| 336 | . | ‡atext ‡btxt ‡2rdacontent | |
| 337 | . | ‡aunmediated ‡bn ‡2rdamedia | |
| 338 | . | ‡avolume ‡bnc ‡2rdacarrier | |
| 490 | 0 | . | ‡aEarth in danger |
| 504 | . | ‡aIncludes bibliographical references and index. | |
| 520 | . | ‡a"Volcano eruptions can be devastating. Learn how volcanoes are formed, what happens when they erupt, and how to stay safe from eruptions. A back matter feature highlights the story of someone who survived a volcano"-- ‡cProvided by publisher. | |
| 521 | . | ‡aAges 6-9 ‡bLerner Publications. | |
| 521 | . | ‡aGrades 2-3 ‡bLerner Publications. | |
| 650 | 0. | ‡aVolcanoes ‡vJuvenile literature. ‡0(LARL_NWRL_CONSORTIUM)167859 | |
| 650 | 1. | ‡aVolcanoes. ‡0(LARL_NWRL_CONSORTIUM)34074 | |
| 650 | 6. | ‡aVolcans ‡vOuvrages pour la jeunesse. | |
| 650 | 7. | ‡aVolcanoes. ‡2fast ‡0(LARL_NWRL_CONSORTIUM)34074 | |
| 655 | 7. | ‡aJuvenile works. ‡2fast | |
| 776 | 0 | 8. | ‡iOnline version: ‡aSchaefer, Lola, 1950- ‡tDangerous volcanoes ‡dMinneapolis : Lerner Publications , 2022. ‡z9781728444864 ‡w(DLC) 2021010517 |
| 901 | . | ‡a388949 ‡b ‡c388949 ‡tbiblio | |

Add to basket
Permalink
Disable Highlighting